000 00440nam a2200169Ia 4500
005 20250603145740.0
008 250603s9999 xx 000 0 und d
050 _aLB 2805 .E346/
100 _aSergiovanni, Thomas J.
245 0 _aSome theoretical issues in educational organizational and administration
260 _aTaiwan
260 _bTamkang University
260 _c1980
300 _a119 p
650 _aTaiwan
942 _cBK
999 _c42739
_d42739